[Event "Mittelfranken-chTB1 1718"]
[White "Justen, Detlef"]
[Black "Rausch, Wolfgang"]
[Site "Mittelfranken"]
[Round "6.2"]
[Result "1/2-1/2"]
[Date "2018.03.04"]
[WhiteElo "2086"]
[BlackElo "2038"]
[PlyCount "24"]
[EventDate "2017.10.08"]
[EventType "team-tourn"]
[EventRounds "9"]
[EventCountry "GER"]
[SourceTitle "EXT 2022"]
[Source "ChessBase"]
[SourceDate "2021.10.06"]
[SourceVersion "1"]
[SourceVersionDate "2021.10.06"]
[SourceQuality "1"]
[WhiteTeam "Gunzenhausen"]
[BlackTeam "Lauf SV"]
[WhiteTeamCountry "GER"]
[BlackTeamCountry "GER"]

1. d4 d5 2. Bf4 e6 3. Nf3 Ne7 4. Nbd2 Ng6 5. Bg3 f5 6. e3 Bd6 7. Bd3 0-0 8. c4 b6 9. Qb3 c6 10. 0-0-0 Qe7 11. Kb1 Nd7 12. Bxd6 Qxd6 1/2-1/2

[Event "Regionalliga NO 1415"]
[White "Justen, Detlef"]
[Black "Ganaus, Hannes"]
[Site "Bayern"]
[Round "9.2"]
[Result "1/2-1/2"]
[Date "2015.04.12"]
[WhiteElo "2072"]
[BlackElo "2292"]
[PlyCount "95"]
[EventDate "2014.10.19"]
[EventType "team-tourn"]
[EventRounds "9"]
[EventCountry "GER"]
[SourceTitle "EXT 2018"]
[Source "ChessBase"]
[SourceDate "2017.10.13"]
[SourceVersion "1"]
[SourceVersionDate "2017.10.13"]
[SourceQuality "1"]
[WhiteTeam "Gunzenhausen"]
[BlackTeam "Regensburg Bavaria"]
[WhiteTeamCountry "GER"]
[BlackTeamCountry "GER"]

1. e4 c6 2. c4 g6 3. Nf3 Bg7 4. d4 d6 5. h3 e5 6. Nc3 exd4 7. Nxd4 Nf6 8. g3 0-0 9. Bg2 Nbd7 10. 0-0 Qb6 11. Nde2 Qc7 12. Be3 Re8 13. Qc2 b6 14. Rad1 Bb7 15. g4 h5 16. g5 Nh7 17. Qd2 Bf8 18. f4 Rad8 19. Nd4 a6 20. b3 c5 21. Nc2 Qb8 22. Bf2 Bg7 23. Nd5 b5 24. Bg3 Nhf8 25. f5 Bxd5 26. Qxd5 Nb6 27. Qd3 bxc4 28. bxc4 Be5 29. Rb1 Qc7 30. Be1 Rb8 31. Ba5 Nfd7 32. Ne3 Bd4 33. Kh1 Ne5 34. Qe2 Bxe3 35. Qxe3 Nexc4 36. Qc3 Nxa5 37. fxg6 fxg6 38. Rf6 Qg7 39. Qxa5 Nd7 40. Rff1 Qe7 41. Qxa6 Rxb1 42. Rxb1 Ne5 43. Rb7 Qxg5 44. Qxd6 Qc1+ 45. Kh2 Qf4+ 46. Kh1 Qc1+ 47. Kh2 Qf4+ 48. Kh1 1/2-1/2

[Event "Regionalliga NO 1314"]
[White "Justen, Detlef"]
[Black "Wallinger, Manfred"]
[Site "Bayern"]
[Round "6.2"]
[Result "1/2-1/2"]
[Date "2014.02.09"]
[WhiteElo "2151"]
[BlackElo "2111"]
[PlyCount "76"]
[EventDate "2013.10.13"]
[EventType "team-tourn"]
[EventRounds "9"]
[EventCountry "GER"]
[SourceTitle "EXT 2015"]
[Source "ChessBase"]
[SourceDate "2014.11.20"]
[SourceVersion "1"]
[SourceVersionDate "2014.11.20"]
[SourceQuality "1"]
[WhiteTeam "Gunzenhausen"]
[BlackTeam "Altensittenbach"]
[WhiteTeamCountry "GER"]
[BlackTeamCountry "GER"]

1. e4 d5 2. exd5 Qxd5 3. Nc3 Qd6 4. d4 c6 5. Nf3 Nf6 6. Ne5 e6 7. Be2 Be7 8. 0-0 0-0 9. Bf4 Rd8 10. Ng6 Qd7 11. Nxe7+ Qxe7 12. Bd3 c5 13. dxc5 Nc6 14. Bd6 Qd7 15. Qe2 b6 16. Ne4 Ne8 17. Bg3 Bb7 18. Qh5 f5 19. Nd6 bxc5 20. Nxb7 Qxb7 21. Bc4 Qf7 22. Qe2 Nd4 23. Qe5 Nd6 24. Qxc5 Nxc4 25. Qxc4 Rac8 26. Qa4 Qf6 27. c3 Ne2+ 28. Kh1 f4 29. Rae1 Nxc3 30. bxc3 fxg3 31. fxg3 Qxc3 32. Qxa7 Rc7 33. Qb6 Qc6 34. Qe3 Re7 35. Rc1 Qa6 36. Qc5 Ra7 37. Qg5 Rc8 38. Qf4 h6 1/2-1/2

[Event "Regionalliga NO 1314"]
[White "Justen, Detlef"]
[Black "Kalous, Miroslav"]
[Site "Bayern"]
[Round "4.2"]
[Result "1-0"]
[Date "2013.12.15"]
[WhiteElo "2151"]
[BlackElo "1985"]
[PlyCount "99"]
[EventDate "2013.10.13"]
[EventType "team-tourn"]
[EventRounds "9"]
[EventCountry "GER"]
[SourceTitle "EXT 2015"]
[Source "ChessBase"]
[SourceDate "2014.11.20"]
[SourceVersion "1"]
[SourceVersionDate "2014.11.20"]
[SourceQuality "1"]
[WhiteTeam "Gunzenhausen"]
[BlackTeam "Windischeschenbach"]
[WhiteTeamCountry "GER"]
[BlackTeamCountry "GER"]

1. e4 e6 2. d4 d5 3. Nd2 b6 4. Ngf3 Nf6 5. Bd3 Be7 6. Qe2 Bb7 7. e5 Nfd7 8. Nf1 c5 9. c3 Nc6 10. a3 a5 11. Ng3 h6 12. h4 cxd4 13. cxd4 Qc8 14. Be3 Ba6 15. Rc1 Bxd3 16. Qxd3 Qb7 17. Nh5 Bf8 18. 0-0 Ne7 19. Rc3 Rc8 20. Rfc1 Rxc3 21. Rxc3 Kd8 22. Qb5 Nc8 23. Ne1 Na7 24. Qa4 Qa6 25. Qd1 b5 26. Qf3 b4 27. axb4 axb4 28. Rc1 Ke8 29. Qd1 g6 30. Ra1 Qb7 31. Nf6+ Nxf6 32. exf6 Bd6 33. Nd3 Nc6 34. Qa4 Kd7 35. Bf4 Rc8 36. Bxh6 Kd8 37. Be3 Rb8 38. Rc1 Rc8 39. Nc5 Bxc5 40. Rxc5 Kd7 41. Rb5 Qc7 42. Rxb4 Rb8 43. Rxb8 Qxb8 44. Qa3 Qb5 45. Qf8 Nd8 46. Bf4 Qb7 47. Qe7+ Kc8 48. Qxb7+ Kxb7 49. g4 Nc6 50. Be5 1-0

[Event "Regionalliga NO 1314"]
[White "Justen, Detlef"]
[Black "Barth, Norbert"]
[Site "Bayern"]
[Round "2.2"]
[Result "1-0"]
[Date "2013.11.10"]
[WhiteElo "2151"]
[BlackElo "2221"]
[PlyCount "43"]
[EventDate "2013.10.13"]
[EventType "team-tourn"]
[EventRounds "9"]
[EventCountry "GER"]
[SourceTitle "EXT 2015"]
[Source "ChessBase"]
[SourceDate "2014.11.20"]
[SourceVersion "1"]
[SourceVersionDate "2014.11.20"]
[SourceQuality "1"]
[WhiteTeam "Gunzenhausen"]
[BlackTeam "Schwandorf"]
[WhiteTeamCountry "GER"]
[BlackTeamCountry "GER"]

1. e4 c6 2. Nc3 d5 3. Nf3 g6 4. d4 Bg7 5. h3 dxe4 6. Nxe4 Nd7 7. Bc4 Ngf6 8. Nxf6+ Nxf6 9. 0-0 0-0 10. Bg5 b6 11. Re1 Bb7 12. Qe2 Re8 13. Ne5 Nd5 14. Nxf7 Qd7 15. Nh6+ Kh8 16. Rad1 e5 17. Bxd5 cxd5 18. dxe5 Rxe5 19. Qxe5 Bxe5 20. Rxe5 Qc6 21. Re7 Rf8 22. Be3 1-0

[Event "Mittelfranken-chTB1 1112"]
[White "Surinya, Tibor"]
[Black "Justen, Detlef"]
[Site "Germany"]
[Round "9.2"]
[Result "1/2-1/2"]
[Date "2012.03.25"]
[WhiteElo "1947"]
[BlackElo "2158"]
[PlyCount "38"]
[EventDate "2011.09.25"]
[EventType "team-tourn"]
[EventRounds "9"]
[EventCountry "GER"]
[SourceTitle "EXT 2018"]
[Source "ChessBase"]
[SourceDate "2017.10.13"]
[SourceVersion "1"]
[SourceVersionDate "2017.10.13"]
[SourceQuality "1"]
[WhiteTeam "Nuernberg NT III"]
[BlackTeam "Gunzenhausen"]
[WhiteTeamCountry "GER"]
[BlackTeamCountry "GER"]

1. d4 Nf6 2. Nf3 e6 3. c4 Bb4+ 4. Bd2 a5 5. g3 b6 6. Bg2 Bb7 7. 0-0 0-0 8. Nc3 Bxc3 9. Bxc3 Ne4 10. Qc2 Nxc3 11. Qxc3 d6 12. Rac1 Nd7 13. Qd3 Nf6 14. Rfd1 Be4 15. Qc3 Qe7 16. Ne1 Bxg2 17. Nxg2 Rfe8 18. f3 e5 19. e4 exd4 1/2-1/2

[Event "Mittelfranken-chTB1 1112"]
[White "Justen, Detlef"]
[Black "Hofer, Markus"]
[Site "Germany"]
[Round "7.2"]
[Result "1/2-1/2"]
[Date "2012.02.26"]
[WhiteElo "2158"]
[BlackElo "2135"]
[PlyCount "93"]
[EventDate "2011.09.25"]
[EventType "team-tourn"]
[EventRounds "9"]
[EventCountry "GER"]
[SourceTitle "EXT 2018"]
[Source "ChessBase"]
[SourceDate "2017.10.13"]
[SourceVersion "1"]
[SourceVersionDate "2017.10.13"]
[SourceQuality "1"]
[WhiteTeam "Gunzenhausen"]
[BlackTeam "Buechenbach/Roth"]
[WhiteTeamCountry "GER"]
[BlackTeamCountry "GER"]

1. d4 d5 2. Nf3 Nf6 3. c4 e6 4. g3 Bb4+ 5. Bd2 Qe7 6. Bg2 0-0 7. 0-0 Nc6 8. a3 Bxd2 9. Nbxd2 Rd8 10. Qc2 e5 11. dxe5 Nxe5 12. Nxe5 Qxe5 13. cxd5 Nxd5 14. Nc4 Qe7 15. Rad1 Be6 16. e4 Nb6 17. Nxb6 axb6 18. Rxd8+ Rxd8 19. Rd1 Rxd1+ 20. Qxd1 Qd7 21. Qxd7 Bxd7 22. f4 Kf8 23. Kf2 f6 24. Ke3 Ke7 25. Bf1 Kd6 26. Be2 b5 27. h4 c5 28. Bd1 b6 29. Bc2 h6 30. Bd1 Be6 31. Bh5 Bd7 32. Bf7 Ke7 33. Bd5 Kd6 34. Bg8 Bc6 35. Bf7 Bd7 36. Bg6 Bc6 37. Bf5 Be8 38. Bg4 Bf7 39. Be2 Be8 40. g4 Bc6 41. Bf3 Ke6 42. Bg2 Be8 43. Bf1 Bc6 44. Bh3 Kd6 45. Bg2 Bd7 46. Bf3 Be8 47. Be2 1/2-1/2

[Event "Mittelfranken-chTB1 1112"]
[White "Redzepovic, Irfan"]
[Black "Justen, Detlef"]
[Site "Germany"]
[Round "6.2"]
[Result "0-1"]
[Date "2012.02.05"]
[WhiteElo "2094"]
[BlackElo "2155"]
[PlyCount "140"]
[EventDate "2011.09.25"]
[EventType "team-tourn"]
[EventRounds "9"]
[EventCountry "GER"]
[SourceTitle "EXT 2013"]
[Source "ChessBase"]
[SourceDate "2012.11.22"]
[SourceVersion "1"]
[SourceVersionDate "2012.11.22"]
[SourceQuality "1"]
[WhiteTeam "Nuernberg Sued SW II"]
[BlackTeam "Gunzenhausen"]
[WhiteTeamCountry "GER"]
[BlackTeamCountry "GER"]

1. d4 Nf6 2. Nf3 e6 3. g3 b6 4. Bg2 Bb7 5. 0-0 Be7 6. c4 d6 7. Nc3 Ne4 8. Qc2 Nxc3 9. bxc3 Nd7 10. e4 e5 11. a4 a5 12. Be3 0-0 13. Nd2 Bf6 14. Rab1 Ba6 15. f4 Qe7 16. Qd1 c5 17. fxe5 dxe5 18. d5 Bg5 19. Qe2 Bxe3+ 20. Qxe3 Rab8 21. Bh3 Nf6 22. Rf5 Bc8 23. Nf3 Bxf5 24. Bxf5 Ne8 25. Nd2 Nd6 26. Bh3 h6 27. Qd3 g6 28. Rf1 Kg7 29. Rf2 Rbd8 30. Qb1 Qc7 31. Qf1 Qe7 32. Qb1 Rb8 33. Qd3 Ne8 34. Nf3 Nd6 35. Nd2 Rfd8 36. Qf3 Ne8 37. Nf1 Rd6 38. Qd3 Rf6 39. Rb2 Nd6 40. Ne3 h5 41. Bg2 Qd7 42. Qd1 Kf8 43. h4 Ke7 44. Kh2 Kd8 45. Ra2 Qe7 46. Qe2 Kc7 47. Nf1 Kb7 48. Nd2 Ne8 49. Qe3 Rd6 50. Rb2 Ka6 51. Nf3 Nf6 52. Bh3 Ng4+ 53. Bxg4 hxg4 54. Ne1 Rh8 55. Kg1 Rh5 56. Rf2 f5 57. Ng2 Qd7 58. Qe2 Qxa4 59. exf5 Rxf5 60. Rxf5 gxf5 61. Qxe5 Qd1+ 62. Kh2 Rd8 63. h5 Qd2 64. Qg7 f4 65. gxf4 Qd3 66. d6 Qh3+ 67. Kg1 Qxh5 68. Qe7 Qh8 69. Kf2 g3+ 70. Ke3 Re8 0-1

[Event "Mittelfranken-chTB1 1112"]
[White "Justen, Detlef"]
[Black "Petzold, Vinzenz"]
[Site "Germany"]
[Round "1.2"]
[Result "1-0"]
[Date "2011.09.25"]
[WhiteElo "2155"]
[BlackElo "1981"]
[PlyCount "85"]
[EventDate "2011.09.25"]
[EventType "team-tourn"]
[EventRounds "9"]
[EventCountry "GER"]
[SourceTitle "EXT 2013"]
[Source "ChessBase"]
[SourceDate "2012.11.22"]
[SourceVersion "1"]
[SourceVersionDate "2012.11.22"]
[SourceQuality "1"]
[WhiteTeam "Gunzenhausen"]
[BlackTeam "Erlangen SC II"]
[WhiteTeamCountry "GER"]
[BlackTeamCountry "GER"]

1. Nf3 c5 2. e4 Nc6 3. Nc3 g6 4. Bb5 Bg7 5. 0-0 Nd4 6. Bc4 e6 7. d3 d6 8. Nxd4 cxd4 9. Ne2 Ne7 10. c3 dxc3 11. bxc3 0-0 12. Bg5 Qc7 13. Qd2 Nc6 14. Bh6 Ne5 15. Bxg7 Kxg7 16. Bb3 Qe7 17. f4 Nc6 18. Ng3 f5 19. Rae1 Qf6 20. d4 Na5 21. e5 Qe7 22. d5 Nxb3 23. axb3 dxe5 24. Rxe5 Qc5+ 25. Kh1 Qb6 26. c4 exd5 27. Qxd5 Rf7 28. Rfe1 a5 29. c5 Qc6 30. Qd8 Qf6 31. Re7 h5 32. Qe8 Rxe7 33. Rxe7+ Kh6 34. Re5 b6 35. c6 a4 36. bxa4 Rxa4 37. Ne2 Ba6 38. Ng1 Rxf4 39. c7 Rf1 40. h3 Qd6 41. Qh8+ Kg5 42. Qd8+ Qf6 43. h4+ 1-0

[Event "Nuremberg Zabo op 12th"]
[White "Justen, Detlef"]
[Black "Horneber, Thomas"]
[Site "Nuremberg"]
[Round "3"]
[Result "1-0"]
[Date "2010.09.18"]
[WhiteElo "2134"]
[BlackElo "1900"]
[PlyCount "133"]
[EventDate "2010.09.17"]
[EventType "swiss"]
[EventRounds "5"]
[EventCountry "GER"]
[SourceTitle "EXT 2011"]
[Source "ChessBase"]
[SourceDate "2010.11.26"]
[SourceVersion "1"]
[SourceVersionDate "2010.11.26"]
[SourceQuality "1"]

1. e4 c5 2. Nf3 Nc6 3. Nc3 g6 4. d4 cxd4 5. Nxd4 Bg7 6. Be3 Nf6 7. Be2 0-0 8. 0-0 d5 9. exd5 Nxd5 10. Nxd5 Qxd5 11. Bf3 Qa5 12. Nxc6 bxc6 13. c3 Rb8 14. b4 Qc7 15. Rc1 Ba6 16. Re1 Bc4 17. Qa4 e6 18. Bxc6 Bxa2 19. b5 Bd5 20. Bxd5 exd5 21. Bf4 Qb7 22. Bxb8 Rxb8 23. h3 Rc8 24. Qb3 Bf6 25. c4 dxc4 26. Rxc4 Rb8 27. Rb1 Kg7 28. Rc6 Qe7 29. Qc4 Rb7 30. Rc1 Rd7 31. Rc7 Rxc7 32. Qxc7 Qb4 33. Qd7 Qb2 34. Rd1 Qe2 35. Qd3 Qe7 36. g3 h5 37. Qd5 Qc7 38. Qc6 Qe5 39. Qd5 Qc7 40. Kg2 Qb8 41. Qc6 Qe5 42. Rd7 Qf5 43. Qd5 Qxd5+ 44. Rxd5 Be7 45. Kf3 Kf6 46. Ke4 Bb4 47. g4 hxg4 48. hxg4 Be1 49. Rd1 Bb4 50. f4 Ke6 51. f5+ gxf5+ 52. gxf5+ Kf6 53. Rc1 Ba5 54. Rc6+ Ke7 55. Kd5 Kd7 56. Ke5 Ke7 57. Rc1 f6+ 58. Kd5 Kd7 59. Rc6 Ke7 60. Re6+ Kf7 61. Re2 Bb6 62. Kc6 Bg1 63. Kb7 Bd4 64. Ra2 Ke7 65. Rxa7 Kd6 66. Ra4 Be5 67. Re4 1-0

[Event "Mittelfranken-chTB1 0809"]
[White "Justen, Detlef"]
[Black "Hanisch, Friedrich"]
[Site "Mittelfranken"]
[Round "5.1"]
[Result "1/2-1/2"]
[Date "2009.01.25"]
[WhiteElo "2131"]
[BlackElo "2040"]
[PlyCount "116"]
[EventDate "2008.10.12"]
[EventType "team"]
[EventRounds "9"]
[EventCountry "GER"]
[SourceTitle "EXT 2011"]
[Source "ChessBase"]
[SourceDate "2010.11.26"]
[SourceVersion "1"]
[SourceVersionDate "2010.11.26"]
[SourceQuality "1"]
[WhiteTeam "Gunzenhausen/Weissenburg"]
[BlackTeam "Lauf"]
[WhiteTeamCountry "GER"]
[BlackTeamCountry "GER"]

1. d4 Nf6 2. Bg5 Ne4 3. Bf4 c5 4. d5 Qb6 5. Bc1 e6 6. f3 Nf6 7. c4 exd5 8. cxd5 c4 9. e3 Bc5 10. Kf2 0-0 11. Na3 Bxa3 12. bxa3 Qc5 13. Bb2 c3 14. Bc1 Nxd5 15. Ne2 Nc6 16. Nd4 Re8 17. Nxc6 dxc6 18. Qd4 Qxd4 19. exd4 b5 20. Bd3 a5 21. Bg5 Bd7 22. Be4 h6 23. Bxd5 cxd5 24. Bf4 Rec8 25. Bd6 Bf5 26. g4 Bg6 27. h4 Rc6 28. Bc5 Re8 29. Rhe1 Rce6 30. Re5 f6 31. Rxe6 Rxe6 32. h5 Bd3 33. Rc1 Re2+ 34. Kg3 c2 35. Bd6 Rd2 36. Bf4 Rd1 37. Be3 Rxc1 38. Bxc1 Bc4 39. f4 Bxa2 40. g5 fxg5 41. fxg5 hxg5 42. Kg4 Bc4 43. Kxg5 Bd3 44. h6 g6 45. Kf6 b4 46. axb4 axb4 47. Bb2 Kh7 48. Kg5 Bb5 49. Bc1 b3 50. Bb2 Bd3 51. Bc1 Kg8 52. Bb2 Kf7 53. Bc1 Bb5 54. Bb2 Be8 55. Bc1 Kg8 56. Bb2 Kh8 57. Bc1 Bf7 58. Bb2 Kh7 1/2-1/2

[Event "Mittelfranken-chTB1 0809"]
[White "Hirn, Oskar"]
[Black "Justen, Detlef"]
[Site "Mittelfranken"]
[Round "4.1"]
[Result "1/2-1/2"]
[Date "2009.01.11"]
[WhiteElo "2151"]
[BlackElo "2131"]
[PlyCount "125"]
[EventDate "2008.10.12"]
[EventType "team"]
[EventRounds "9"]
[EventCountry "GER"]
[SourceTitle "EXT 2011"]
[Source "ChessBase"]
[SourceDate "2010.11.26"]
[SourceVersion "1"]
[SourceVersionDate "2010.11.26"]
[SourceQuality "1"]
[WhiteTeam "Nuernberg NT IV"]
[BlackTeam "Gunzenhausen/Weissenburg"]
[WhiteTeamCountry "GER"]
[BlackTeamCountry "GER"]

1. c4 e5 2. Nc3 Nf6 3. g3 c6 4. Nf3 e4 5. Nd4 d5 6. cxd5 cxd5 7. Bg2 Qb6 8. Nb3 Be7 9. d3 0-0 10. dxe4 dxe4 11. Be3 Qe6 12. Nc5 Bxc5 13. Bxc5 Re8 14. Qd6 Na6 15. Qxe6 Bxe6 16. Bd4 Nb4 17. Bxf6 gxf6 18. Nxe4 Kg7 19. 0-0 Bxa2 20. Nc3 Bc4 21. Bxb7 Rab8 22. Bf3 Nc2 23. Rxa7 Rxb2 24. Rc7 Be6 25. Rd1 Nb4 26. Rb7 Rb3 27. Nb5 Kg6 28. h4 Na6 29. h5+ Kh6 30. Nd6 Rf8 31. Ra7 Nc5 32. Rc1 Nd7 33. Rcc7 Ne5 34. Kg2 Nxf3 35. exf3 Kxh5 36. Nxf7 Bxf7 37. Rxf7 Rxf7 38. Rxf7 Kg6 39. Rf8 Kg7 40. Ra8 Rb2 41. Ra7+ Kg6 42. f4 Rb3 43. Ra8 Rc3 44. Rg8+ Kf7 45. Rh8 Kg7 46. Re8 Kg6 47. Re3 Rc2 48. Kf3 h5 49. Re8 Rc3+ 50. Re3 Rc2 51. Rd3 Ra2 52. Ke3 Rb2 53. Rd2 Rb3+ 54. Ke4 Rb4+ 55. Kd5 Kf5 56. Kd6 Re4 57. Rd5+ Kg4 58. f3+ Kxf3 59. Rxh5 Kxg3 60. Rf5 Rxf4 61. Ke6 Rxf5 62. Kxf5 Kf3 63. Kxf6 1/2-1/2

[Event "Regionalliga NO 0708"]
[White "Justen, Detlef"]
[Black "Linsenmeyer, Mario"]
[Site "Bayern"]
[Round "7.3"]
[Result "1-0"]
[Date "2008.03.09"]
[WhiteElo "2085"]
[BlackElo "2086"]
[PlyCount "87"]
[EventDate "2007.10.21"]
[EventType "team-tourn"]
[EventRounds "9"]
[EventCountry "GER"]
[SourceTitle "EXT 2009"]
[Source "ChessBase"]
[SourceDate "2008.11.26"]
[SourceVersion "1"]
[SourceVersionDate "2008.11.26"]
[SourceQuality "1"]
[WhiteTeam "Gunzenhausen"]
[BlackTeam "Grossenseebach"]
[WhiteTeamCountry "GER"]
[BlackTeamCountry "GER"]

1. e4 e5 2. Bc4 Nf6 3. d3 Nc6 4. Nf3 Bc5 5. c3 d6 6. b4 Bb6 7. Nbd2 0-0 8. Qb3 Qe7 9. a4 a5 10. b5 Nd8 11. Ba3 Kh8 12. 0-0 Nh5 13. d4 exd4 14. cxd4 Ne6 15. Bb2 Nhf4 16. Rfe1 Rd8 17. Nf1 Qf6 18. Rad1 Ng5 19. Nxg5 Qxg5 20. Qg3 Qxg3 21. hxg3 Ne6 22. Ne3 c6 23. f4 Bd7 24. Kf1 Be8 25. Bxe6 fxe6 26. Nc4 cxb5 27. Nxb6 Ra6 28. d5 Rxb6 29. dxe6 bxa4 30. Bd4 Rc6 31. f5 Kg8 32. g4 Rc4 33. Bb6 Ra8 34. Rxd6 Ra6 35. Rd8 Kf8 36. Red1 Ke7 37. Bf2 g5 38. f6+ Kxe6 39. Rxe8+ Kxf6 40. Rd7 a3 41. e5+ Kg6 42. Rg8+ Kh6 43. Rd3 Rc1+ 44. Be1 1-0

[Event "Regionalliga NO 0708"]
[White "Kanewski, Josef"]
[Black "Justen, Detlef"]
[Site "Bayern"]
[Round "4.3"]
[Result "1/2-1/2"]
[Date "2007.12.09"]
[WhiteElo "2032"]
[BlackElo "2085"]
[PlyCount "112"]
[EventDate "2007.10.21"]
[EventType "team-tourn"]
[EventRounds "9"]
[EventCountry "GER"]
[SourceTitle "EXT 2009"]
[Source "ChessBase"]
[SourceDate "2008.11.26"]
[SourceVersion "1"]
[SourceVersionDate "2008.11.26"]
[SourceQuality "1"]
[WhiteTeam "Weiden"]
[BlackTeam "Gunzenhausen"]
[WhiteTeamCountry "GER"]
[BlackTeamCountry "GER"]

1. d4 Nf6 2. c4 e6 3. Nc3 Bb4 4. Bg5 c5 5. d5 d6 6. e3 Bxc3+ 7. bxc3 Qe7 8. Bd3 exd5 9. cxd5 Qe5 10. Bxf6 Qxf6 11. Ne2 Nd7 12. f4 Qh4+ 13. Ng3 0-0 14. 0-0 Nf6 15. Bf5 Ng4 16. Qxg4 Qxg4 17. Bxg4 Bxg4 18. f5 g6 19. e4 Rae8 20. h3 Bh5 21. a4 b6 22. c4 f6 23. a5 bxa5 24. Rxa5 Re7 25. Ra6 Rd7 26. Rfa1 Rff7 27. Kf2 Kg7 28. Nf1 gxf5 29. exf5 Rfe7 30. g4 Bf7 31. Kf3 h5 32. Nd2 Rb7 33. Rb1 Rxb1 34. Nxb1 Re1 35. Nd2 Rh1 36. Kg3 Rg1+ 37. Kf2 Rh1 38. Rxa7 Rh2+ 39. Ke1 Rxh3 40. gxh5 Rh1+ 41. Kf2 Rxh5 42. Ne4 Rxf5+ 43. Kg3 Kg6 44. Rxf7 Kxf7 45. Nxd6+ Kg6 46. Nxf5 Kxf5 47. Kh4 Ke5 48. Kg4 f5+ 49. Kf3 f4 50. d6 Ke6 51. Kxf4 Kxd6 52. Kf5 Kc7 53. Ke5 Kb6 54. Kd5 Kb7 55. Kd6 Kb6 56. Kd7 Kb7 1/2-1/2

[Event "Nuremberg LGA Cup 4th"]
[White "Justen, Detlef"]
[Black "Troyke, Christian"]
[Site "Nuremberg"]
[Round "7"]
[Result "1/2-1/2"]
[Date "2007.09.09"]
[WhiteElo "2138"]
[BlackElo "2386"]
[PlyCount "28"]
[EventDate "2007.09.06"]
[EventType "swiss"]
[EventRounds "7"]
[EventCountry "GER"]
[SourceTitle "CBM 120 Extra"]
[Source "ChessBase"]
[SourceDate "2007.11.01"]
[SourceVersion "1"]
[SourceVersionDate "2007.11.01"]
[SourceQuality "1"]

1. d4 g6 2. e4 Bg7 3. Nc3 d5 4. exd5 Nf6 5. Bc4 Nbd7 6. Nf3 0-0 7. 0-0 Nb6 8. Bb3 a5 9. a3 a4 10. Ba2 Nbxd5 11. Nxd5 Nxd5 12. c4 Nb6 13. h3 c6 14. Qe2 Be6 1/2-1/2

[Event "Regionalliga NO 0607"]
[White "Justen, Detlef"]
[Black "Turner, Radek"]
[Site "Bayern"]
[Round "7.3"]
[Result "0-1"]
[Date "2007.03.18"]
[WhiteElo "2142"]
[BlackElo "1991"]
[PlyCount "158"]
[EventDate "2006.10.15"]
[EventType "team-tourn"]
[EventRounds "9"]
[EventCountry "GER"]
[SourceTitle "EXT 2008"]
[Source "ChessBase"]
[SourceDate "2007.11.25"]
[SourceVersion "1"]
[SourceVersionDate "2007.11.25"]
[SourceQuality "1"]
[WhiteTeam "Gunzenhausen"]
[BlackTeam "Hirschau"]
[WhiteTeamCountry "GER"]
[BlackTeamCountry "GER"]

1. d4 Nf6 2. Bg5 d5 3. e3 Bf5 4. Nf3 Nbd7 5. Nbd2 c6 6. Be2 Qb6 7. Rb1 h6 8. Bf4 e6 9. h3 Be7 10. g4 Bh7 11. Ne5 c5 12. Nb3 Rc8 13. 0-0 0-0 14. dxc5 Nxc5 15. Nxc5 Qxc5 16. Bd3 Rfd8 17. Bxh7+ Nxh7 18. c3 b5 19. Qf3 f6 20. Ng6 e5 21. Bg3 Ng5 22. Qg2 e4 23. Rfd1 Kf7 24. Nf4 Nf3+ 25. Kh1 g5 26. Ne2 h5 27. gxh5 Rh8 28. Nd4 Nxd4 29. Rxd4 Rxh5 30. Rbd1 g4 31. h4 Rd8 32. a4 a6 33. axb5 axb5 34. Qh2 f5 35. Kg1 Bf6 36. Be5 g3 37. Qxg3 f4 38. exf4 Bxe5 39. fxe5 Rg8 40. e6+ Kf8 41. e7+ Qxe7 42. Qxg8+ Kxg8 43. Rxd5 Rxd5 44. Rxd5 b4 45. Rg5+ Kf7 46. cxb4 Qxb4 47. Rg3 Qxb2 48. Kg2 Kf6 49. Re3 Kf5 50. Rg3 Qe2 51. Rg5+ Kf4 52. Rg3 Qh5 53. Kh3 Qf5+ 54. Kg2 Qd5 55. Re3 Kg4 56. Rg3+ Kxh4 57. Kg1 Qd1+ 58. Kg2 Qb1 59. Re3 Kg4 60. Rg3+ Kf4 61. Rh3 Qb7 62. Re3 Qc6 63. Kf1 Qc2 64. Rg3 Qd2 65. Rh3 Qd1+ 66. Kg2 Qg4+ 67. Rg3 Qh4 68. Re3 Qh5 69. Rg3 Ke5 70. Re3 Kd4 71. Rg3 Qh6 72. Kg1 Qc1+ 73. Kh2 Qf1 74. Rg2 Kd3 75. Kg3 Qd1 76. Kh2 Qh5+ 77. Kg1 Ke2 78. Rg3 Qh6 79. Kg2 Qf4 0-1

[Event "Regionalliga NO 0607"]
[White "Justen, Detlef"]
[Black "Stertkuhl, Eric"]
[Site "Bayern"]
[Round "6.4"]
[Result "0-1"]
[Date "2007.02.25"]
[WhiteElo "2142"]
[BlackElo "2058"]
[PlyCount "86"]
[EventDate "2006.10.15"]
[EventType "team-tourn"]
[EventRounds "9"]
[EventCountry "GER"]
[SourceTitle "EXT 2008"]
[Source "ChessBase"]
[SourceDate "2007.11.25"]
[SourceVersion "1"]
[SourceVersionDate "2007.11.25"]
[SourceQuality "1"]
[WhiteTeam "Gunzenhausen"]
[BlackTeam "Postbauer Heng"]
[WhiteTeamCountry "GER"]
[BlackTeamCountry "GER"]

1. Nf3 g6 2. e4 c6 3. d4 d5 4. Nc3 Bg7 5. Be3 Nf6 6. Bd3 dxe4 7. Nxe4 Nxe4 8. Bxe4 Nd7 9. c3 0-0 10. Bc2 Nb6 11. 0-0 Bg4 12. h3 Bxf3 13. Qxf3 Nc4 14. Bf4 Qd7 15. Bb3 Na5 16. Bc2 Nc4 17. Qe2 Nb6 18. Rfe1 Rfe8 19. Rad1 Rad8 20. Bb3 e6 21. Bg5 Rc8 22. h4 Qc7 23. h5 c5 24. hxg6 hxg6 25. dxc5 Qxc5 26. Be3 Qc7 27. Qg4 a5 28. Bf4 Qe7 29. Bg5 Qc5 30. Re3 a4 31. Bc2 Qc4 32. Re4 Qxa2 33. Rb4 Rc4 34. Rxc4 Qxc4 35. Qf3 Nd5 36. Be4 b5 37. Bxd5 exd5 38. Rxd5 b4 39. Rd3 bxc3 40. bxc3 a3 41. Rd1 Qxc3 42. Qd5 Re1+ 43. Kh2 Qe5+ 0-1